00560 a2200241 4500260001000000630004500010037001000055650003500065100001900100260001100119245002300130300000900153650001700162260000900179300001000188100000700198037001000205440002100215700002600236700002400262440001400286020001800300 aParis a16 - Logique. Theorie de la connaissance b1, BU a1 - PHILOSOPHIE ET PSYCHOLOGIE aKant, Emmanuel bHatier aAnalytique du beau a94p. aesthétique c1984 b18cm. lFr aL3123 aProfil formation aEd., Hansen-Love, Ole aTrad., Barni, Jules x0337-1425 a2-218-06305-0